Catálogo
 En Linea

Isabel Amechazurra de Pellerano : (Registro nro. 48072)

Detalles MARC
000 -CABECERA
campo de control de longitud fija 00855nam a2200229 a 4500
001 - NÚMERO DE CONTROL
campo de control 000048584
005 - FECHA Y HORA DE LA ÚLTIMA TRANSACCIÓN
campo de control 20201002061245.0
008 - DATOS DE LONGITUD FIJA--INFORMACIÓN GENERAL
campo de control de longitud fija 190401s2013 dr 000 0 spa d
020 ## - NÚMERO INTERNACIONAL ESTÁNDAR DEL LIBRO
Número Internacional Estándar del Libro 9789945471557
040 ## - FUENTE DE LA CATALOGACIÓN
Centro catalogador/agencia de origen DO-SdBNP
Lengua de catalogación spa
Centro/agencia transcriptor BNPHU
082 ## - NÚMERO DE LA CLASIFICACIÓN DECIMAL DEWEY
Número de clasificación xx
Número de documento/Ítem xx
100 1# - ENTRADA PRINCIPAL--NOMBRE DE PERSONA
Nombre de persona Amechazurra de Pellerano, Isabel Luisa
9 (RLIN) 76033
245 10 - MENCIÓN DE TÍTULO
Título Isabel Amechazurra de Pellerano :
Resto del título textos reunidos /
Mención de responsabilidad, etc. Isabel Amechazurra de Pellerano ; editores Roque Diómedez Santos, Juan Ml. Pellerano Gómez.
246 13 - FORMA VARIANTE DE TÍTULO
Título propio/Titulo breve Isabel Amechazurra de Pellerano (Beliza):
Resto del título obras reunidas
260 ## - PUBLICACIÓN, DISTRIBUCIÓN, ETC.
Lugar de publicación, distribución, etc. Santo Domingo :
Nombre del editor, distribuidor, etc. Amigo del Hogar,
Fecha de publicación, distribución, etc. 2013.
300 ## - DESCRIPCIÓN FÍSICA
Extensión 247 p. ;
Dimensiones 24 cm.
500 ## - NOTA GENERAL
Nota general Incluye índice
590 ## - NOTA LOCAL (RLIN)
Nota local Inventariado, 2019/VM
504 ## - NOTA DE BIBLIOGRAFÍA, ETC.
Nota de bibliografía, etc. Bibliografía : p. 244
700 1# - PUNTO DE ACCESO ADICIONAL--NOMBRE DE PERSONA
Nombre de persona Diómedez Santos, Roque
Término indicativo de función/relación ed.
9 (RLIN) 76034
700 1# - PUNTO DE ACCESO ADICIONAL--NOMBRE DE PERSONA
Nombre de persona Pellerano Gómez, Juan Ml.
Término indicativo de función/relación ed.
9 (RLIN) 11850
Existencias
Estado de retiro Estado de pérdida No para préstamo Código de colección Localización permanente Ubicación/localización actual Ubicación en estantería Fecha de adquisición Número de inventario Total de préstamos Signatura topográfica completa Código de barras Fecha visto por última vez Precio válido a partir de Tipo de ítem Koha
    Excluido de préstamo Patrimonio Dominicano Patrimonio Dominicano Patrimonio Dominicano Depósito 01.04.2019 LF1   xx xx 48584-10 25.06.2020 25.06.2020 Libro y Folleto Colección Patrimonio Dominicano

Con tecnología Koha